000 00641nam a2200205 4500
005 20250605153921.0
010 _aENG-145210
020 _a9789389146448
_c280.00
035 _aEN-128742
037 _bDBAD
082 _a337
100 _aThangamayan, S.
_981738
245 _aInternational Economics/
_cS. Thangamayan [and] R. Premalatha
250 _a1
260 _aTamil Nadu
_bShanlax Publications
_c2019
270 _a61,66 T.P.K. Main Road Vasantha Nagar.
_bTamil Nadu
_e625003
_mshanlaxpublications.com
300 _a237p.
_c25cm(pb)
700 _aPremalatha, R.
_eAuthor
_981739
942 _2ddc
_cEN
_h337
_mTHA
999 _c211630
_d211630